Fr. Conceicao Rodrigues College of Engineering

Computer Graphics:Algorithms and implementation (Record no. 32795)

MARC details
000 -LEADER
fixed length control field 00380nam a2200157Ia 4500
082 ## - DEWEY DECIMAL CLASSIFICATION NUMBER
Classification number 6.6
Item number MUK
100 ## - MAIN ENTRY--PERSONAL NAME
Personal name Mukherjee/D.P/ Jana/Debasish
245 ## - TITLE STATEMENT
Title Computer Graphics:Algorithms and implementation
260 ## - PUBLICATION, DISTRIBUTION, ETC.
Name of publisher, distributor, etc. Prentice Hall of India
Date of publication, distribution, etc. 2010
366 ## - TRADE AVAILABILITY INFORMATION
Publishers's discount category 20
300 ## - PHYSICAL DESCRIPTION
Extent 583
546 ## - LANGUAGE NOTE
Language note ENGLISH
-- Computers
650 ## - SUBJECT ADDED ENTRY--TOPICAL TERM
Topical term or geographic name entry element Computer graphics
942 ## - ADDED ENTRY ELEMENTS (KOHA)
Koha item type BOOK
Holdings
Withdrawn status Lost status Damaged status Not for loan Collection Home library Current library Date acquired Source of acquisition Cost, normal purchase price Inventory number Total Checkouts Full call number Barcode Date due Date last seen Date last checked out Cost, replacement price Price effective from Koha item type
        CRC Fr. Agnel's C.Rodrigues College of Engineering Fr. Agnel's C.Rodrigues- College of Engineering 17/03/2023 Book Base 316.00 10809 dt 26/04/2011 1 6.6 MUK 21592 18/08/2022 12/06/2023 12/06/2023 395.00   BOOK